000
00323nam a2200133Ia 4500
005
20251222155204.0
008
251222s9999||||xx |||||||||||||| ||spa||
082
_a
EDUM.118
100
_a
Dr.JOSE FLORES BARBOZA
245
0
_a
Taller diseño y evaluación circular
250
_a
No ed.
264
_b
No tiene
942
_c
LIB
999
_c
40048
_d
40048